| 000 | 00429nam a22001337a 4500 | ||
|---|---|---|---|
| 082 |
_a624.152 _bDEV _cL-37, P-20 |
||
| 110 |
_aBALASUBRAMANIAM, A.S _947321 |
||
| 245 | b | _aDEVELOPMENTS IN GEOTECHNICAL ASPECTS OF EMBANKMENTS, EXCAVATIONS AND BURIED STRUCTURES | |
| 260 |
_aUSA _bBalkema, Rotterdam _c1991 |
||
| 300 |
_aix, 597 p,: _bill _c23 cm |
||
| 526 |
_a0 _b0 _c0 _d624_152000000000000_DEV |
||
| 650 |
_aMCE _9379 |
||
| 942 |
_2ddc _cBK |
||
| 999 |
_c550608 _d550608 |
||